Atlas of Histology with Functional Correlations (Record no. 4906)

MARC details
000 -LEADER
fixed length control field 00383nam a2200145Ia 4500
008 - FIXED-LENGTH DATA ELEMENTS--GENERAL INFORMATION
fixed length control field 230312s9999||||xx |||||||||||||| ||und||
020 ## - INTERNATIONAL STANDARD BOOK NUMBER
International Standard Book Number 93-5129-793-2
082 ## - DEWEY DECIMAL CLASSIFICATION NUMBER
Classification number 611.018
Item number ERO-A
100 ## - MAIN ENTRY--PERSONAL NAME
Personal name Eroschenko;Victor.P
245 #0 - TITLE STATEMENT
Title Atlas of Histology with Functional Correlations
260 ## - PUBLICATION, DISTRIBUTION, ETC.
Name of publisher, distributor, etc. Wolters Kluwer
Place of publication, distribution, etc. China
Date of publication, distribution, etc. 2017
300 ## - PHYSICAL DESCRIPTION
Extent 617
650 ## - SUBJECT ADDED ENTRY--TOPICAL TERM
Topical term or geographic name entry element Medical
Form subdivision Anatomy
942 ## - ADDED ENTRY ELEMENTS (KOHA)
Koha item type BOOK
Holdings
Withdrawn status Lost status Source of classification or shelving scheme Damaged status Not for loan Home library Current library Date acquired Total Checkouts Full call number Barcode Date last seen Date last checked out Price effective from Koha item type
    Dewey Decimal Classification     Superior Information Resource Center (SIRC) Superior University- Main Campus Superior Information Resource Center (SIRC) Superior University- Main Campus 03/13/2023 1 611.018 ERO-A 4954 08/27/2025 08/20/2025 03/13/2023 BOOK

Powered by Koha